Obálka
Pro půjčování e-knih musíte být přihlášeni.
Jak si půjčit online?

Jeď dál : deset způsobů, jak zůstat kreativní v časech dobrých i zlých /

Autor v knize ukazuje deset pravidel, tak abychom zůstali po celý život kreativní a tvořiví, soustředění a upřímní sami k sobě, a to v kontextu práce, duševní hygieny, náplně dne či tvoření obecně.

Uloženo v:
Hlavní autor: Kleon, Austin (Autor)
Další autoři: Svobodová, Růžena (Autor)
Médium: E-audiokniha
Jazyk:Czech
Vydáno: V Brně : Jan Melvil Publishing, 2019
Vydání:Vydání první
Edice:Briquet
Témata:
On-line přístup:Plný text
Tagy:
Žádné tagy
LEADER 03057nam a2200697 i 4500
001 312992
003 CZ PrSKC
005 20260601215733.0
007 ta
008 190923s2019 xr a e f 000 0 cze
015 |a cnb003134397 
020 |a 9788075550804  |q (brožováno) :  |c Kč 299,00 
035 |a (OCoLC)1127256761 
040 |a BOA001  |b cze  |e rda 
041 1 |a cze  |h eng 
072 7 |a 316.4/.7  |x Sociální interakce. Sociální komunikace  |2 Konspekt 
080 |a 159.954  |2 MRF 
080 |a 316.628  |2 MRF 
080 |a 159.923.5  |2 MRF 
080 |a (0.062)  |2 MRF 
100 1 |a Kleon, Austin  |7 pna2012730206  |4 aut 
240 1 0 |a Keep going.  |l Česky 
245 1 0 |a Jeď dál :  |b deset způsobů, jak zůstat kreativní v časech dobrých i zlých /  |c Austin Kleon ; překlad Růžena Svobodová 
250 |a Vydání první 
264 1 |a V Brně :  |b Jan Melvil Publishing,  |c 2019 
300 |a 221 stran :  |b ilustrace ;  |c 16 cm 
336 |a text  |b txt  |2 rdacontent 
337 |a bez média  |b n  |2 rdamedia 
338 |a svazek  |b nc  |2 rdacarrier 
490 1 |a Briquet 
500 |a Přeloženo z angličtiny 
520 2 |a Autor v knize ukazuje deset pravidel, tak abychom zůstali po celý život kreativní a tvořiví, soustředění a upřímní sami k sobě, a to v kontextu práce, duševní hygieny, náplně dne či tvoření obecně. 
650 0 7 |a kreativita  |7 ph121937  |2 czenas 
650 0 7 |a seberealizace  |7 ph125451  |2 czenas 
650 0 7 |a sebeřízení  |7 ph303239  |2 czenas 
650 0 7 |a rozvoj osobnosti  |7 ph194683  |2 czenas 
650 0 9 |a creative ability  |2 eczenas 
650 0 9 |a self-realization  |2 eczenas 
650 0 9 |a self-management  |2 eczenas 
650 0 9 |a personality development  |2 eczenas 
655 7 |a populárně-naučné publikace  |7 fd131864  |2 czenas 
655 9 |a popular works  |2 eczenas 
700 1 |a Svobodová, Růžena  |4 trl 
830 0 |a Briquet 
856 4 1 |u http://search.ebscohost.com/login.aspx?direct=true&scope=site&db=nlebk&db=nlabk&AN=2289853  |y Plný text  |4 N 
900 |a ABA001  |b 20 
044 |a xr 
505 0 0 |t 01_Tuto_knihu_jsem_napsal,_pro (2 min., 12 sek.) 
505 0 0 |t 02_Kazdy_den_je_den_sviste (18 min., 13 sek.) 
505 0 0 |t 03_Vybudujte_si_sve_posvatne_m (12 min., 5 sek.) 
505 0 0 |t 04_Zapomente_na_podstatne_jmen (8 min., 18 sek.) 
505 0 0 |t 05_Vytvarejte_dary (10 min., 49 sek.) 
505 0 0 |t 06_Obycejne,_plus_vice_pozorno (12 min., 12 sek.) 
505 0 0 |t 07_Pobijte_umelecke_netvory (4 min., 22 sek.) 
505 0 0 |t 08_Je_dovoleno_menit_nazor (9 min., 14 sek.) 
505 0 0 |t 09_Kdyz_vas_prepadnou_pochybno (11 min., 47 sek.) 
505 0 0 |t 10_Demoni_nesnaseji_cerstvy_vz (6 min., 0 sek.) 
505 0 0 |t 11_Zahradnicte (12 min., 44 sek.) 
910 |a RBIT002 
998 |d 201503  |a https://core.palmknihy.cz/api/books/201503/cover?ta9cby  |b https://core.palmknihy.cz/api/books/201503/cover/400?ta9cby  |c https://core.palmknihy.cz/api/books/201503/cover/50?ta9cby  |e 2050-12-31  |i 9788075550804  |l 6476  |q 49  |r 1  |s https://www.palmknihy.cz/kniha/201503  |t audiobook  |y 2019  |z 0 
999 |d 312990